| Tag |
First Indicator |
Second Indicator |
Subfields |
| LEADER |
00000cam a2200000 4500 |
| 001 |
in00000282905 |
| 005 |
20151010090854.0 |
| 008 |
730817s1973 ii b 00110 eng |
| 010 |
|
|
|a 73903689
|
| 035 |
|
|
|a (OCoLC)00701336
|
| 035 |
|
|
|9 ABG4913AM
|
| 037 |
|
|
|c Rs40.00
|
| 040 |
|
|
|a DLC
|c DLC
|d TXA
|d UtOrBLW
|
| 043 |
|
|
|a a-bg---
|
| 049 |
|
|
|a TXAM
|c [1027016]
|
| 050 |
0 |
0 |
|a DS395
|b .B45
|
| 082 |
0 |
|
|a 320.9/549/204
|
| 100 |
1 |
|
|a Bhattacharjee, G. P.
|
| 245 |
1 |
0 |
|a Renaissance and freedom movement in Bangladesh /
|c [by] G. P. Bhattacharjee.
|
| 264 |
|
1 |
|a [Calcutta] :
|b Minerva Associates,
|c [1973]
|
| 300 |
|
|
|a viii, 361 pages ;
|c 23 cm.
|
| 336 |
|
|
|a text
|b txt
|2 rdacontent
|
| 337 |
|
|
|a unmediated
|b n
|2 rdamedia
|
| 338 |
|
|
|a volume
|b nc
|2 rdacarrier
|
| 504 |
|
|
|a Bibliography: pages [348]-354.
|
| 651 |
|
0 |
|a Bangladesh
|x Politics and government.
|
| 999 |
|
|
|a MARS
|
| 999 |
f |
f |
|s a56c33a3-b745-390a-9c17-3ac97915dd28
|i 98a30f24-636d-3245-b6b0-a7d2eec2c0be
|t 0
|
| 952 |
f |
f |
|p ric
|a Texas A&M University
|b Rellis Campus
|c Joint Library Facility
|d Remote Storage
|t 0
|e DS395 .B45
|h Library of Congress classification
|i unmediated -- volume
|m A14802043441
|
| 998 |
f |
f |
|a DS395 .B45
|t 0
|l Remote Storage
|